000 00598nam a2200181 i 4500
001 164716
003 ES-MaACL
005 20250820063052.0
008 930712s1879 sp |||| |ccat d
040 _aCAT
_bspa
_cCAT
_dCCPB
100 1 _aSanpere i Miquel, Salvador,
_d1840-1915
_9103195
245 1 4 _aLas Damas d'Aragó /
_cper Salvador Sanpere y Miquel.
260 _aBarcelona :
_b[s.n.],
_c1879 (
_fImprenta de La Renaixensa)
300 _a248 p. ;
_c20 cm.
650 4 _aMujeres-
_zAragón (Reino)
_9161267
852 _aES-MaACL
_jG-8765
_z-- Enc. hol.
999 _c164716
_d164716